| 000 | 00582nam a22001457a 4500 | ||
|---|---|---|---|
| 020 | _a0-380-77855-6 | ||
| 082 |
_a823 _bMAU/R |
||
| 100 | _aMAURIER DAPHINE DU | ||
| 245 | _aREBECCA | ||
| 260 |
_aNEW YORK _bAVON BOOKS |
||
| 300 | _a380 | ||
| 520 | _aRebecca is a 1938 Gothic novel written by English author Daphne du Maurier. The novel depicts an unnamed young woman who impetuously marries a wealthy widower, before discovering that both he and his household are haunted by the memory of his late first wife, the title character. | ||
| 650 |
_aNOVEL,ENGLISH _zNEW YORK |
||
| 942 | _cBK | ||
| 999 |
_c2456 _d2456 |
||